000 00927nam a2200217 a 4500
003 0
005 20250212152101.0
008 120719s19uu xx 00 eng d
050 _aPGS RS 431.P5
_b.W418 2012
100 _aWeidmann, Nathan Eugene.
245 _aThe Effect of bitter gourd (Momordica charantia) extract on the growth Salmonella enterica /
_cNathan Eugene L. Weidmann.
260 _aLas PiƱas City, Philippines :
_bSouthville International School and Colleges,
_c2012.
300 _a21 pages :
_billustrations ;
_c28 cm.
504 _aIncludes bibliographical references.
650 _aSalmonella enterica (Bacteria)
_vGrowth and development.
650 _aBitter melon (Momordica charantia)
_vTherapeutic use.
650 _aMomordica charantia
_vPharmacological aspects.
650 _aHerbal medicine
_vMicrobiological aspects.
650 _aPlant extracts
_vAntibacterial properties.
942 _2lcc
_cPASS
999 _c98735
_d98735